49 marketingových tajemství pro zaručené zvýšení prodeje

Bibliographic Details
Main Author: Finklestein, Ronald (Author)
Other Authors: Orgoník, Daniel (Translator)
Format: Book
Language:Czech
English
PhysicalDescription:279 s. 23 cm
Published: Brno Computer Press 2010
ISBN:9788025114940
Edition:1. vyd.
Subjects:

MARC

LEADER 00000cam a2200000 a 4500
001 vtls010193375
003 SK-MaSNL
005 20260301213202.0
008 240315s2010 xr f 000 0dcze
020 |a 9788025114940  |q (brož.) 
040 |a SNK  |b slo  |c SNK  |e AACR2 
041 1 |a cze  |h eng 
044 |a xr  |c CZ 
072 7 |a 658  |x Riadenie a správa podniku  |2 konspekt 
080 |a 658.8  |2 2001 
080 |a 658.8:005.21  |2 2001 
080 |a (035)  |2 2001 
100 1 |a Finklestein, Ronald  |4 aut  |9 599749 
240 1 0 |a 49 marketing secrets (that work) to grow sales  |l Česky 
245 1 0 |a 49 marketingových tajemství pro zaručené zvýšení prodeje  |c Ron Finklestein ; [překlad Daniel Orgoník] 
246 3 |a Čtyřicet devět marketingových tajemství pro zaručené zvýšení prodeje 
250 |a 1. vyd. 
260 |a Brno  |b Computer Press  |c 2010 
300 |a 279 s.  |c 23 cm 
650 0 7 |a marketing  |2 SNKPH  |9 2299 
650 0 7 |a strategický marketing  |2 SNKPH  |9 4278 
650 0 7 |a marketing  |2 SNKPHeng  |9 2299 
650 0 7 |a Strategic marketing  |2 SNKPHeng  |9 314754 
655 7 |a príručky  |2 SNKPH  |9 74364 
655 7 |a Handbooks, manuals, etc.  |2 SNKPHeng  |9 90964 
700 1 |a Orgoník, Daniel  |4 trl  |9 489980 
919 |a 978-80-251-1494-0 
999 |c 920751  |d 922681 
952 |t snkFIN 658.8  |a SNKUST  |b SNKUST  |y PREZ  |7 0  |p 17A1029292  |o snkIC 141374  |i snk2014/16859  |8 3  |g 13.02  |0 0  |1 0  |4 0  |d 2014-08-11  |l 0  |r 2025-03-21 00:00:00  |w 2026-02-24